Istilah percukaian : (English - Bahasa Malaysia)(Bahasa Malaysia - English)(Arrangement by sections)

Bibliographic Details
Main Author: Choong, Kwai Fatt (Author)
Format: Book
Language:English
Published: Petaling Jaya : Sweet & Maxwell Asia 2004
Subjects:

MARC

LEADER 00000cam a2200000 7i4500
001 0000017100
005 20240918.0
008 061012 my eng
020 |a 9832631319 (pbk) 
040 |a INS   |b eng   |e rda 
090 0 0 |a RPL5087.3.T23   |b .C46 2004 
100 1 |a Choong, Kwai Fatt ,   |e author 
245 1 0 |a Istilah percukaian :   |b (English - Bahasa Malaysia)(Bahasa Malaysia - English)(Arrangement by sections)   |c Choong Kwai Fatt 
264 1 |a Petaling Jaya :   |b Sweet & Maxwell Asia   |c 2004 
300 |a 202 pages ;   |c 25 cm. 
336 |a text  |2 rdacontent 
337 |a unmediated  |2 rdamedia 
338 |a volume  |2 rdacarrier 
650 0 |a English language   |x Dictionaries   |x Malay 
650 0 |a Malay language   |x Dictionaries   |x English 
650 0 |a Taxation   |x Dictionaries   |x Malay 
999 |a 0000017292   |b BOOK   |c Red Spot   |e Default branch 
999 |a 1000000503   |b BOOK   |c Red Spot   |e Default branch 
999 |a 1000001396   |b BOOK   |c Red Spot   |e Default branch